Water-resources engineering

Αποθηκεύτηκε σε:
Λεπτομέρειες βιβλιογραφικής εγγραφής
Κύριος συγγραφέας: Linsley, Ray K.
Άλλοι συγγραφείς: Franzini, Joseph B.
Μορφή: Βιβλίο
Γλώσσα:English
Δημοσίευση: New York : McGraw-Hill, c1979
Έκδοση:3d ed.
Σειρά:McGraw-Hill series in water resources and environmental engineering
Θέματα:
Ετικέτες: Προσθήκη ετικέτας
Δεν υπάρχουν, Καταχωρήστε ετικέτα πρώτοι!

MARC

LEADER 00000pam a2200000 i 4500
001 1/86071
008 960618s1979 eng d
020 |a 0-07-037965-3 
035 |l 10006419 
040 |a GR-MY-UA  |b gre  |e aacr 
041 0 |a eng 
082 0 |a 627 
100 1 |a Linsley, Ray K. 
245 1 0 |a Water-resources engineering /  |c Ray K. Linsley; Joseph B. Franzini 
250 |a 3d ed. 
260 |a New York :   |b McGraw-Hill,   |c c1979 
300 |a xii, 716 σ.;  |b εικ.;  |c 24 εκ. 
490 1 |a McGraw-Hill series in water resources and environmental engineering 
504 |a Περιέχει βιβλιογραφικές παραπομπές και ευρετήρια 
650 0 0 |a Hydraulic engineering. 
650 0 0 |a Water resources development. 
700 1 |a Franzini, Joseph B. 
830 0 |a McGraw-Hill series in water resources and environmental engineering 
852 |a INST  |b LESVOS  |e 19960618  |h 627 LIN  |p 005100008187  |q 005100008187  |t BK  |y 0 
909 |a Λ  |b 009348